Online
Catalog

República Dominicana, primer pueblo afro-descendiente de América / (Record no. 49636)

MARC details
000 -CABECERA
campo de control de longitud fija 00835nam a22002417a 4500
003 - IDENTIFICADOR DEL NÚMERO DE CONTROL
campo de control DO-SdBNP
005 - FECHA Y HORA DE LA ÚLTIMA TRANSACCIÓN
campo de control 20250617120901.0
008 - DATOS DE LONGITUD FIJA--INFORMACIÓN GENERAL
campo de control de longitud fija 210322b ||||| |||| 00| 0 spa d
040 ## - FUENTE DE LA CATALOGACIÓN
Centro catalogador/agencia de origen DO-SdBNP
Lengua de catalogación spa
Centro/agencia transcriptor BNPHU
082 #4 - NÚMERO DE LA CLASIFICACIÓN DECIMAL DEWEY
Número de clasificación 306.362097293
Número de documento/Ítem A333r, 2020
100 10 - ENTRADA PRINCIPAL--NOMBRE DE PERSONA
Nombre de persona Alberti Batista, Celsa
9 (RLIN) 78192
245 10 - MENCIÓN DE TÍTULO
Título República Dominicana, primer pueblo afro-descendiente de América /
Mención de responsabilidad, etc. Celsa Alberti Batista
250 ## - MENCIÓN DE EDICIÓN
Mención de edición 2a. ed.
260 ## - PUBLICACIÓN, DISTRIBUCIÓN, ETC.
Lugar de publicación, distribución, etc. Santo Domingo :
Nombre del editor, distribuidor, etc. INDAASEL,
Fecha de publicación, distribución, etc. 2020
300 ## - DESCRIPCIÓN FÍSICA
Extensión 29 p. :
Otras características físicas il ;
Dimensiones 22 cm
500 ## - NOTA GENERAL
Nota general Incluye datos biografícos del autor
590 ## - NOTA LOCAL (RLIN)
Nota local Inventariado, 2021 / DG
650 4# - PUNTO DE ACCESO ADICIONAL DE MATERIA--TÉRMINO DE MATERIA
Término de materia o nombre geográfico como elemento de entrada Africanos
Subdivisión geográfica República Dominicana
9 (RLIN) 40536
650 40 - PUNTO DE ACCESO ADICIONAL DE MATERIA--TÉRMINO DE MATERIA
Término de materia o nombre geográfico como elemento de entrada Esclavitud
Subdivisión geográfica República Dominicana
Subdivisión general Historia
9 (RLIN) 13499
650 40 - PUNTO DE ACCESO ADICIONAL DE MATERIA--TÉRMINO DE MATERIA
Término de materia o nombre geográfico como elemento de entrada Trata de esclavos
Subdivisión general Historia
9 (RLIN) 21366
910 ## - DATOS DE OPCIÓN DEL USUARIO (OCLC)
Datos de opción del usuario Inventariado, 2021 / DG
942 ## - ELEMENTOS DE PUNTO DE ACCESO ADICIONAL (KOHA)
Fuente del sistema de clasificación o colocación Dewey Decimal Classification
Tipo de ítem Koha Libro
Holdings
Estado de retiro Estado de pérdida Fuente del sistema de clasificación o colocación No para préstamo Código de colección Localización permanente Ubicación/localización actual Ubicación en estantería Fecha de adquisición Total de préstamos Signatura topográfica completa Código de barras Fecha visto por última vez Precio válido a partir de Tipo de ítem Koha Fuente de adquisición Número de copia
    Dewey Decimal Classification Excluido de préstamo Monografías: Libros y Folletos Patrimonio Dominicano Biblioteca Nacional Pedro Henríquez Ureña Depósito     BNPHU PD-F 306.362097293 A333r 2020 2021-1055 22.03.2021 22.03.2021 Libro Deposito Legal e. 2
    Dewey Decimal Classification Préstamo en sala Monografías: Libros y Folletos Biblioteca Nacional Pedro Henríquez Ureña Biblioteca Nacional Pedro Henríquez Ureña Depósito     BNPHU PD-F 306.362097293 A333r 2020 2021-1056 22.03.2021 22.03.2021 Libro   e. 3
    Dewey Decimal Classification   Monografías: Libros y Folletos Biblioteca Nacional Pedro Henríquez Ureña Patrimonio Dominicano Depósito 22.03.2021   BNPHU PD-F 306.362097293 A333r 2020 2021-1054 22.03.2021 22.03.2021 Libro    

Powered by Koha